Follow that Line: Friends (season 4) Quiz Stats

 Plays Quiz not verified by Sporcle

Challenge
Share
Tweet
Embed
Score 0/30 Timer 10:00
2 Plays Today
% Correct
Big Fat Goalie.
95.6%
Over the line? You're so far past the line that you can't even see the line. The line is a dot to you!
95%
I thought you were Chandler.
94.9%
No, I had sex in high school.
94.8%
So you're just Bing?
94.3%
It's between us and the sea, Ross!
94.1%
So cute I'm thinking of jabbing this pen in my eye.
94.1%
I'll never get to be a best man!
93.7%
No. I want a flabby gut and saggy man-breasts.
93.1%
You're not even man enough to get the channel that carries the sport.
93.1%
For three years?
93.1%
It's the theme song to Good Will Humping.
93%
Cause Joey and me used theirs up last night, making scary faces.
92.9%
Yeah, in my third drawer in my dresser. You don't want to lose that.
92%
Yeah, well, don't expect that to happen anytime soon!
91.9%
% Correct
And Ross was what? A lion tamer?
89.6%
You mean you stole it!
89.6%
Yeah... bunny rabbit.
88.1%
It's 9.30 in the morning!
87.7%
I don't know, but it's the same!
87.6%
I knew it!
87.5%
Well, let's see. Joey was born, and then 28 years later, I was robbed.
87.1%
Oh no, wait. Oh, no, the elastic on my underwear busted.
87%
I've got a carton of milk in my refrigerator I've had a longer relationship with.
86.8%
What a weird way to kick me when I'm down.
85.8%
That's what all my relationships are like.
83%
Well at least you didn't rent yours from a store called 'It's Not Too Late'.
82.5%
You don't need to fill these silences.
81.8%
Oh, great! I'll keep it in my butt with your nose.
81.6%
We were on a break!
81%

You're not logged in!

Compare scores with friends on all Sporcle quizzes.
Join for Free
OR
Log In

You Might Also Like...

Show Comments

Extras

Top Quizzes Today


Score Distribution

Your Account Isn't Verified!

In order to create a playlist on Sporcle, you need to verify the email address you used during registration. Go to your Sporcle Settings to finish the process.

Report this User

Report this user for behavior that violates our Community Guidelines.

Details: